Ámame, para que yo me ame (Record no. 196253)

MARC details
000 -CABECERA
campo de control de longitud fija 01338nab a2200241 a 4500
005 - FECHA Y HORA DE LA ÚLTIMA TRANSACCIÓN
campo de control 20240126094655.0
008 - ELEMENTOS DE LONGITUD FIJA--INFORMACIÓN GENERAL
campo de control de longitud fija 991125c2017 mx fr p o 000 0 spa d
035 ## - NÚMERO DE CONTROL DEL SISTEMA
Número de control de sistema UPN01000224156
040 ## - FUENTE DE LA CATALOGACIÓN
Centro catalogador/agencia de origen UPN
Lengua de catalogación spa
Centro/agencia transcriptor UPN
Normas de descripción aacr2
049 ## - COLECCIÓN
Colección ART-E
100 1# - ASIENTO PRINCIPAL--NOMBRE PERSONAL
Nombre de persona Arreola Rodríguez, Kathia Rebeca
Enlace - Kathiarreola@gmail.com
245 10 - MENCIÓN DE TÍTULO
Título Ámame, para que yo me ame
Medio [recurso electrónico en línea]
506 0# - NOTA DE RESTRICCIONES AL ACCESO
Limitaciones de acceso Acceso abierto
520 3# - NOTA DE RESUMEN, ETC.
Sumario, etc. Este ensayo invita no sólo a los estudiantes de las ciencias sociales como futuros profesionales en la “conducta humana” a hacer un análisis sobre los aspectos implicados en las relaciones interpersonales o a los profesionales de las mismas, sino también es dirigida a que desde un punto crítico cuestionemos nuestras relaciones con los demás, considerando los constructos teóricos que empleamos como profesionales para la clasificación taxonómica de una patología en las relaciones humanas y el individuo en sí mismo.
650 #4 - ASIENTO SECUNDARIO DE MATERIA - TERMINO TEMATICO
9 (RLIN) 1551
Término de materia o nombre geográfico como elemento de entrada Relaciones interpersonales
653 0# - TERMINO DE INDIZACION - NO CONTROLADO
Término no controlado Psicología
653 0# - TERMINO DE INDIZACION - NO CONTROLADO
Término no controlado Pareja
653 0# - TERMINO DE INDIZACION - NO CONTROLADO
Término no controlado Adicciones
773 ## - ENLACE AL DOCUMENTO FUENTE/ENTRADA DE REGISTRO ANFITRIÓN
Parte(s) relacionada(s) No. 37 (2017), p. 124-134
Título Alternativas en psicología
Número Internacional Normalizado para Publicaciones Seriadas 2007-5251
856 4# - LOCALIZACIÓN Y ACCESO ELECTRÓNICOS
Identificador Uniforme del Recurso <a href="http://www.alternativas.me/attachments/article/150/09%20-%20%C3%81mame%20para%20que%20yo%20me%20ame.pdf">http://www.alternativas.me/attachments/article/150/09%20-%20%C3%81mame%20para%20que%20yo%20me%20ame.pdf</a>
905 ## - TIPO DE MATERIAL
Tipo de material Articulo
942 ## - ELEMENTOS DE PUNTO DE ACCESO ADICIONAL (KOHA)
Tipo de ítem Koha Artículo Electrónico
Holdings
Estado de retiro Estado de pérdida Estado dañado No para préstamo Código de colección Localización permanente Ubicación/localización actual Ubicación en estantería Fecha de adquisición Total de préstamos Fecha visto por última vez Identificador Uniforme del Recurso Precio válido a partir de Tipo de ítem Koha
        Acceso abierto Bib. Gregorio Torres Quintero Bib. Gregorio Torres Quintero En línea 26/01/2024   26/01/2024 https://www.alternativas.me/attachments/article/151/10%20-%20J%C3%B3venes%20universitarios%20y%20recursos%20resilientes.pdf 26/01/2024 Artículo Electrónico